Normal view MARC view
  • Environmental engineering

Entry Topical Term

Number of records used in: 4

001 - CONTROL NUMBER

  • control field: 5205

003 - CONTROL NUMBER IDENTIFIER

  • control field: NUST

005 - DATE AND TIME OF LATEST TRANSACTION

  • control field: 20171004114835.0

008 - FIXED-LENGTH DATA ELEMENTS

  • fixed length control field: 171004|| aca||aabn | a|a d

040 ## - CATALOGING SOURCE

  • Original cataloging agency: NUST
  • Transcribing agency: NUST

150 ## - HEADING--TOPICAL TERM

  • Topical term or geographic name entry element: Environmental engineering
  • Form subdivision: Problems, exercises, etc.

670 ## - SOURCE DATA FOUND

  • Source citation: Work cat.: (NUST)0: Lindeburg, Michael R. 5201, Practice problems for the environmental engineering PE exam :, c2003.
© 2023 Central Library, National University of Sciences and Technology. All Rights Reserved.